| 000 | 00589cam a22001814a 4500 | ||
|---|---|---|---|
| 005 | 20250605164405.0 | ||
| 008 | 250528s ||||||||||||||||||||||||d | ||
| 035 | _a24798 | ||
| 040 |
_aGR-AtMCL _bgre _dGR-AtMCL _eAACR2 |
||
| 245 | 1 | _aGigabit Ethernet: EMC - Compliant Implementation | |
| 260 |
_bEe Times Europe, _c2023 |
||
| 300 | _a59 | ||
| 520 | _aLi-Fi Lights Up the Wireless Industry, Hardware Pioneers Max 2023 Roundup, Exclusive Interview: STMicroelectronics Remi El-Ouazzane. | ||
| 700 | 1 |
_aPele Anne Francoise _99414 |
|
| 942 | _cCR | ||
| 999 |
_c9644 _d9644 |
||